Teste rápido de matemática - Teste curto de matemática - Quiz 3 - Statistics

Estatísticas Gerais
  • Esse quiz foi jogado 25 vezes
  • A pontuação média é 16 de 20
Estatísticas das Respostas
Hint Resposta % Correto
1 x 1 = 1
100%
2 x 2 = 4
100%
3 x 3 = 9
100%
10 x 10 = 100
95%
4 x 4 = 16
95%
5 x 5 = 25
95%
11 x 11 = 121
90%
12 x 12 = 144
90%
6 x 6 = 36
90%
7 x 7 = 49
90%
8 x 8 = 64
90%
9 x 9 = 81
90%
13 x 13 = 169
81%
15 x 15 =
225
81%
14 x 14 = 196
76%
20 x 20 = 400
71%
16 x 16 = 256
67%
17 x 17 = 289
43%
18 x 18 = 324
38%
19 x 19 = 361
33%
Nenhum quiz correspondente encontrado
Distribuição das Pontuações
Porcentagem de Pessoas com Cada Pontuação
Percentil de Números Respondidos
Sua Pontuação Histórica
Você não jogou esse quiz